Ausgestorbene Tiere, die zur Zeit der Römer noch lebten - Statistiken

Allgemein
  • Dieses Quiz wurde 5 mal gespielt
  • Das Durchschnittsergebnis liegt bei 2 aus 15
Antwortstatistiken
Bildquiz Hint Antwort % Korrekt
Bos primigenius / alle Provinzen (bis auf Corsica, Sardinia und Cyprus) / 1627 Auerochse
80%
Struthio camelus syracus / Mesopotamia, Syria, Arabia Petraea / 1900er-1920er Arabischer Strauß
20%
Ursus arctos crowtheri / Mauretania Tingitata, Mauretania Caesariensis, Africa Proconsularis / 1840 Atlasbär
20%
Alces alces caucasicus / Armenia, Capadocia / 1900 Kaukasischer Elch
20%
Loxodonta africana pharaonensis / Aegyptus / 4. Jh. n.Chr. Nordafrikanischer Elefant
20%
Capra pyrenaica pyrenaica / Aquitania, Narbonensis, Tarraconensis / 2003 Pyrenäensteinbock
20%
Canis lupus cristaldii / Sicilia / 1924-1970 Sizilianischer Wolf
20%
Equus ferus ferus / Lusitania, Tarraconensis, Baetica, Germania Superior, Dacia, Moesia Inferior / 1909 Tarpan
20%
Equus africanus atlanticus / Mauretania Tingitata, Mauretania Caesariensis, Africa Proconsularis / um 300 n.Chr. Atlas-Wildesel
0%
Numenius tenuirostris / Narbonensis, Italia, Corsica, Sardinia, Sicilia, Dalmatia, Macedonia, Epirus, Achaia, Thracia, Cyprus, Moesia Inferior, Dacia, Asia, Bithnya et Pontus, Lycia et Pamphylia, Cappadocia, Mauretania Tingitata, Mauretania Caesariensis, Africa Proconsularis, Cyrenaica et Creta, Aegyptus, Arabia Petraea, Iudaea (alle nur im Winter) / 1995 Dünnschnabel-Brachvogel
0%
Bison bonasus caucasicus / Armenia / 1927 Kaukasus-Wisent
0%
Alcelaphus buselaphus buselaphus / Mauretania Tingitata, Mauretania Caesariensis, Africa Proconsularis, Cyrenaica et Creta, Aegyptus / 1925 Nordafrikanische Kuhantilope
0%
Capra pyrenaica lusitanica / Lusitania, Tarraconensis / 1892 Portugiesischer Steinbock
0%
Pinguinus impennis / Britannia, Germania Inferior, Belgica, Lugdunensis, Aquitania, Tarraconensis, Lusitania / 1852 Riesenalk
0%
Prolagus sardus / Sardinia, Corsica / 4. Jh. v.Chr.-6. Jh. n.Chr. Sardischer Pfeifhase
0%
Keine übereinstimmenden Quizze gefunden
Verteilung der Resultate
Anzahl Personen mit jedem Resultat
Perzentil nach korrekt beantworteten Fragen
Ihre Resultats-Entwicklung
Sie haben dieses Quiz noch nicht gespielt